|
Lyrics |
with | | 21.4% | all | | 21.4% | with | | 21.4% | all | | 21.4% | Or | | 21.4% | you | | 21.4% | you | | 21.4% | All | | 21.4% | all | | 21.4% | all, | | 21.4% | All | | 21.4% | all | | 21.4% | Come | | 17.9% | come | | 17.9% | come, | | 17.9% | come, | | 17.9% | come, | | 17.9% | come, | | 17.9% | Here. | | 17.9% | what | | 17.9% | pleasure's | | 17.9% | by | | 17.9% | that | | 17.9% | it | | 17.9% | it | | 17.9% | come | | 17.9% | it | | 17.9% | that; | | 17.9% | it | | 17.9% | that! | | 17.9% | three | | 17.9% | come | | 17.9% | air | | 14.3% | fair, | | 14.3% | night | | 14.3% | spirits | | 14.3% | No | | 14.3% | No | | 14.3% | No, | | 14.3% | spirits | | 14.3% | spirits | | 14.3% | about, | | 14.3% | about; | | 14.3% | blood | | 14.3% | bat. | | 14.3% | again! | | 14.3% | about, | | 14.3% | about; | | 14.3% | this, | | 10.7% | fly | | 10.7% | our | | 10.7% | our | | 10.7% | Black | | 10.7% | white, | | 10.7% | red | | 10.7% | gray, | | 10.7% | make | | 10.7% | must | | 10.7% | Round, | | 10.7% | out. | | 10.7% | Put | | 10.7% | put | | 10.7% | Put | | 10.7% | toad, | | 10.7% | adder- | | 10.7% | Those | | 10.7% | will | | 10.7% | make | | 10.7% | Put | | 10.7% | red- | | 10.7% | Round, | | 10.7% | out. | | 10.7% | away, | | 7.1% | Oh, | | 7.1% | away. | | 7.1% | speed | | 7.1% | may; | | 7.1% | speed | | 7.1% | may. | | 7.1% | Oh, | | 7.1% | moon | | 7.1% | bells | | 7.1% |
|
Lyrics |
sounds, | | 7.1% | can | | 7.1% | may. | | 7.1% | keep | | 7.1% | around, | | 7.1% | around, | | 7.1% | ill | | 7.1% | good | | 7.1% | keep | | 7.1% | oh, | | 7.1% | madder! | | 7.1% | around, | | 7.1% | around, | | 7.1% | ill | | 7.1% | good | | 7.1% | keep | | 7.1% | Hecate, | | 3.6% | Hecate; | | 3.6% | sail | | 3.6% | While | | 3.6% | sing, | | 3.6% | kiss; | | 3.6% | Over | | 3.6% | high | | 3.6% | Over | | 3.6% | misty | | 3.6% | Over | | 3.6% | troops | | 3.6% | ring | | 3.6% | ears | | 3.6% | nor | | 3.6% | hounds | | 3.6% | nor | | 3.6% | Mingle, | | 3.6% | mingle, | | 3.6% | mingle, | | 3.6% | mingle | | 3.6% | Titty, | | 3.6% | Tiffin, | | 3.6% | stiff | | 3.6% | Firedrake, | | 3.6% | Puckey, | | 3.6% | lucky; | | 3.6% | Liard, | | 3.6% | Robin, | | 3.6% | bob | | 3.6% | running | | 3.6% | bane. | | 3.6% | juice | | 3.6% | oil | | 3.6% | rid | | 3.6% | stench. | | 3.6% | Nay, | | 3.6% | ounces | | 3.6% | haired | | 3.6% | wench. | | 3.6% | running | | 3.6% | Stadling? | | 0% | dainty | | 0% | shines | | 0% | toy | | 0% | woods, | | 0% | rocks, | | 0% | mountains, | | 0% | hills | | 0% | fountains, | | 0% | steeples, | | 0% | towers, | | 0% | turrets, | | 0% | 'mongst | | 0% | noise | | 0% | wolves, | | 0% | yelps | | 0% | noise | | 0% | water's | | 0% | breach. | | 0% | cannon's | | 0% | throat | | 0% | height | | 0% | reach. | | 0% | leopard's | | 0% | yonker | | 0% |
|
Comments